LEADER 01213nam a2200349 i 4500 001 991000642379707536 005 20020507171643.0 008 940615s1984 de ||| | eng 020 $a3540133550 035 $ab10736955-39ule_inst 035 $aLE01300023$9ExL 040 $aDip.to Matematica$beng 082 0 $a510 084 $aAMS 42A 084 $aAMS 42A28 084 $aAMS 42C15 100 1 $aOkuyama, Yasuo$041190 245 10$aAbsolute summability of Fourier series and orthogonal series /$cYasuo Okuyama 260 $aBerlin ; New York :$bSpringer-Verlag,$c1984 300 $avi, 117 p. ;$c25 cm. 490 0 $aLecture notes in mathematics,$x0075-8434 ;$v1067 500 $aBibliography: p. [113]-117. 500 $aIncludes index 650 4$aFourier series 650 4$aOrthogonal series 650 4$aSummability theory 907 $a.b10736955$b23-02-17$c28-06-02 912 $a991000642379707536 945 $aLE013 42A OKU11 (1984)$g1$i2013000004280$lle013$o-$pE0.00$q-$rl$s- $t0$u0$v0$w0$x0$y.i10827109$z28-06-02 996 $aAbsolute summability of Fourier series and orthogonal series$980927 997 $aUNISALENTO 998 $ale013$b01-01-94$cm$da $e-$feng$gde $h0$i1 LEADER 01910nam0 2200457 i 450 001 TO00936088 005 20251003044408.0 010 $a8815078258 020 $aIT$b2001-11320 100 $a20130827d2000 ||||0itac50 ba 101 | $aita 102 $ait 181 1$6z01$ai $bxxxe 182 1$6z01$an 200 1 $aAlla ricerca del centro$ele trasformazioni in atto nell'amministrazione statale italiana$fGirolamo Sciullo 210 $aBologna$cIl mulino$d 2000! 215 $a150 p.$d22 cm . 225 | $aStudi e ricerche$v463 410 0$1001CFI0001423$12001 $aStudi e ricerche$v463 606 $aAmministrazione locale e amministrazione centrale$xItalia$2FIR$3CFIC004787$9I 606 $aItalia$xMinisteri$xOrganizzazione$2FIR$3CFIC124731$9I 676 $a342.06$9DIRITTO COSTITUZIONALE E DIRITTO AMMINISTRATIVO. POTERE ESECUTIVO$v21 676 $a351$9AMMINISTRAZIONE CENTRALE$v19 676 $a351.45$9AMMINISTRAZIONE. ITALIA$v21 676 $a353$9SPECIFICHE MATERIE DI AMMINISTRAZIONE PUBBLICA$v21 676 $a353.009$9$v21 696 $aAmministrazione locale$aAmministrazione centrale 696 $aMinisteri statali$aDicasteri$aOrganizzazione 699 $aAmministrazione locale e amministrazione centrale$xAmministrazione locale$xAmministrazione centrale 699 $aMinisteri$yMinisteri statali 699 $aMinisteri$yDicasteri 699 $aOrganizzazione$zOrganizzazione 700 1$aSciullo$b, Girolamo$3CFIV113976$4070$0438031 801 3$aIT$bIT-000000$c20130827 850 $aIT-BN0095 901 $bNAP 01$cD $n$ 912 $aTO00936088 950 0$aBiblioteca Centralizzata di Ateneo$d 01D (AR) 30 145$e 01AR 0700301455 VMA 1 v.$fY $h20130924$i20130924 977 $a 01 996 $aAlla ricerca del centro$968263 997 $aUNISANNIO